|
|
|
|
| LEADER |
00000nam a2200000 a 4500 |
| 001 |
vtls010598566 |
| 003 |
SK-MaSNL |
| 005 |
20260426002752.0 |
| 008 |
240314s2012 it hbo f n 000 0 ita |
| 015 |
|
|
|a SNBZSA2015
|
| 020 |
|
|
|a 9788861348363
|q (brož.)
|
| 035 |
|
|
|a E3B8F690-26CB-47A0-855A-2C385A4242A2
|
| 035 |
|
|
|a urn:nbn:sk:snk-amlc5o
|
| 035 |
|
|
|a urn:nbn:sk:snk-am0091ju
|
| 040 |
|
|
|a SNK
|b slo
|c SNK
|e AACR2
|
| 041 |
0 |
|
|a ita
|
| 043 |
|
|
|a e-xo---
|
| 044 |
|
|
|a it
|c IT
|
| 072 |
|
7 |
|a 27-5
|x Liturgia. Kresťanské umenie a symbolika. Duchovný život
|2 konspekt
|
| 080 |
|
|
|a 27-565.54
|2 2001
|
| 080 |
|
|
|a 27-528-1
|2 2001
|
| 080 |
|
|
|a 2-528
|2 2001
|
| 080 |
|
|
|a (437.6)
|2 2001
|
| 080 |
|
|
|a (043.3)
|2 2001
|
| 100 |
1 |
|
|a Dubina, Ján
|4 aut
|9 502175
|
| 245 |
1 |
0 |
|a I riti peculiari del triduo pasquale in Slovacchia
|b storia, celebrazione, teologia : dissertatio ad Doctoratum Sacrae Liturgiae assequendum in Pontificio Instituto Liturgico
|c Ján Dubina
|
| 260 |
|
|
|a Romæ
|b Edizioni Nuova Cultura
|c 2012
|
| 300 |
|
|
|a 324 s.
|b faks., fotogr., mp.
|c 24 cm
|
| 490 |
1 |
|
|a Thesis ad Lauream ;
|v n. 402
|
| 504 |
|
|
|a Bibliogr. odkazy ; bibliogr.: s. [307]-324 ; pozn.
|
| 650 |
0 |
7 |
|a Veľká noc
|2 SNKPH
|9 3414
|
| 650 |
0 |
7 |
|a Easter
|2 SNKPHeng
|9 304888
|
| 650 |
0 |
7 |
|a liturgika
|2 SNKPH
|9 67064
|
| 650 |
0 |
7 |
|a Liturgics
|2 SNKPHeng
|9 300855
|
| 650 |
0 |
7 |
|a liturgia
|2 SNKPH
|9 1990
|
| 650 |
0 |
7 |
|a Liturgy
|2 SNKPHeng
|9 268267
|
| 651 |
|
7 |
|a Slovensko
|2 SNKPH
|9 14231
|
| 651 |
|
7 |
|a Slovakia
|2 SNKPHeng
|9 92630
|
| 655 |
|
7 |
|a dizertácie
|2 SNKPH
|9 70277
|
| 655 |
|
7 |
|a Dissertations
|2 SNKPHeng
|9 303036
|
| 830 |
|
0 |
|a Thesis ad Lauream
|9 316941
|
| 919 |
|
|
|a 978-88-6134-836-3
|
| 958 |
|
|
|a ZS
|
| 958 |
|
|
|a NB
|
| 958 |
|
|
|a NT
|
| 999 |
|
|
|c 926895
|d 928825
|
| 952 |
|
|
|a SNK
|b SNK
|y PREZ
|7 0
|p 17A1115632
|o snkSC 160881
|i snk2014/18822
|8 4
|g 29.60
|0 0
|1 0
|4 0
|d 2014-05-23
|f 1
|l 0
|r 2025-08-25 00:00:00
|w 2026-02-24
|